| 000 | 02479nkm0a2200445 4500 | ||
|---|---|---|---|
| 001 | RU\NLR\BIBL_A\022301319 | ||
| 005 | 20260406162413.0 | ||
| 035 | _a(NLR Aleph) 022301319 | ||
| 090 |
_a13495582 _c13495582 |
||
| 100 | _a20240816d1792 u y0rusy50 ca | ||
| 101 | 0 |
_arus _alat |
|
| 102 | _aRU | ||
| 116 | _aiiyaxx cm zz | ||
| 135 | _acrcn 024anaba | ||
| 181 | 0 |
_ab4 _bxb2e |
|
| 182 | 0 | _an | |
| 200 | 1 |
_aРоссийская великая княгиня Ольга, просвещена святым крещениемъ в Царе граде въ 956е лето _e[эстамп] _fJa.s Walker Engraver to her Imp: Majesty fecit _gРис: И. Акимов |
|
| 203 |
_aИзображение _bнеподвижное _bдвухмерное _bвизуальное _cнепосредственное |
||
| 210 |
_a[Петербург _d1792?] |
||
| 215 |
_a1 л. _cграв. пунктиром _d22,5х17,5 ; 24,9x18 |
||
| 316 |
_aЭкз. РНБ на шифре Э Осн/27-157, Эе5593 - наклеен на картузную бумагу с еще двумя листами. Внизу печать Императорской пубичной библиотеки и надпись чернилами: "II 273". Лист из Основного собрания ОЭФ РНБ _5NLR: Э Осн/27-157 |
||
| 325 | _aКопия доступна в Электрон. б-ке РНБ | ||
| 600 | 0 |
_aОльга _cвеликая княгиня киевская _fок. 890 - 969 _jГравюры _92335859 _3RU\NLR\AUTH\661396543 |
|
| 606 | 1 |
_aГравюра русская _z18 в. _9985644 _3RU\NLR\AUTH\66371634 |
|
| 686 | 1 | _aЩ153(4Вл)44-45 | |
| 700 | 1 |
_aWalker _bJ. _f1760?-1823? _gJames _4530 |
|
| 702 | 1 |
_aАкимов _bИ. А. _f1754-1814 _gИван Акимович _4040 |
|
| 702 | 0 |
_4570 _8rus _7ca _aОльга _cвеликая княгиня киевская _fок.890-969 _3RU\NLR\AUTH\779291 _9119128 |
|
| 830 | _aPicart, É.: ThB, XXVI, 574. - ММ ОЭФ | ||
| 852 | 0 | 0 |
_aNLR _bЭ _jОсн/27-157 _mЭе5593 |
| 856 | 0 | _uhttps://vivaldi.nlr.ru/le700000267/view | |
| 856 | 1 | _uhttps://vivaldi.nlr.ru/le700000267/cover | |
| 856 | 2 | _uhttps://vivaldi.nlr.ru/le700000267/text | |
| 942 | _cVISUAL | ||
| 980 | _aNB | ||
| 981 | 1 | 7 |
_a(17) Изографические материалы _b(17) Эстампы |